| Поле | Название | Значение |
| |
Тип записи |
a |
| |
Библиографический уровень |
m |
| 001 |
Контрольный номер |
RU/IS/BASE/414504861 |
| 005 |
Дата корректировки |
20230707133333.9 |
| 010 |
Индекс ISBN |
__ |
| a |
ISBN |
978-5-903368-44-0 |
| d |
Цена |
506-28 |
| 100 |
Данные общей обработки |
__ |
| a |
Данные общей обработки |
19111101d2011 |||y0rusy0189 ca |
| 101 |
Язык документа |
__ |
| a |
Язык текста |
rus |
| 102 |
Страна публикации |
__ |
| a |
Страна публикации |
RU |
| 102 |
Страна публикации |
__ |
| a |
Страна публикации |
RU |
| 105 |
Кодированные данные (монография) |
__ |
| a |
Кодированные данные (монография) |
aс z |||zy |
| 200 |
Заглавие и сведения об ответственности |
__ |
| a |
Заглавие |
Жизнь - сапожок непарный |
| e |
Сведения, относящиеся к заглавию |
[в 2 ч.] |
| f |
Первые сведения об ответственности |
Тамара Петкевич |
| h |
Номер части |
Кн. 1 |
| 210 |
Выходные данные |
__ |
| a |
Место издания |
Санкт-Петербург |
| c |
Издательство |
Балтийские сезоны |
| d |
Дата издания |
2012 |
| 215 |
Физическое описание |
__ |
| a |
Объем |
501, [2] с., [8] л. фот., портр. |
| c |
Иллюстрации/тип воспроизводства |
портр. |
| 606 |
Тематические рубрики |
__ |
| a |
Основная рубрика |
Художественная литература |
| 606 |
Тематические рубрики |
__ |
| a |
Основная рубрика |
Русская литература XX в. (произведения) |
| 606 |
Тематические рубрики |
__ |
| a |
Основная рубрика |
Театр в целом |
| 610 |
Ключевые слова |
__ |
| a |
Ключевые слова |
автобиографии |
| a |
Ключевые слова |
актрисы |
| a |
Ключевые слова |
биографии |
| a |
Ключевые слова |
документальная проза |
| a |
Ключевые слова |
русская советская литература |
| a |
Ключевые слова |
театроведы |
| 686 |
Индексы других классификаций |
__ |
| a |
Индекс ББК |
84(2Рос=Рус)6-4 |
| 686 |
Индексы других классификаций |
__ |
| a |
Индекс ББК |
85.33(2) |
| 700 |
Автор |
__ |
| a |
Фамилия |
Петкевич |
| b |
Имя |
Т. В. |
| g |
Полное личное имя |
Тамара Владимировна |
| 801 |
Источник записи |
_0 |
| a |
Страна |
RU |
| b |
Организация |
НБР Коми |
| c |
Дата составления |
20111101 |
| 801 |
Источник записи |
_1 |
| a |
Страна |
RU |
| b |
Организация |
НБР Коми |
| c |
Дата составления |
20111101 |
| 801 |
Источник записи |
_2 |
| a |
Страна |
RU |
| b |
Организация |
Центральная районная библиотека им. Г. А. Пирожникова |
| c |
Дата составления |
20111101 |
| 852 |
Данные о местонахождении |
__ |
| j |
Шифр хранения |
84(2Рос=Рус)6 |
| i |
Авторский знак |
П 29 |
| b |
Сигла хранения |
ООЧ; 8; 9; 10; 12; 14; 16; 18; 22; 24; 26; 29 |
| 901 |
Тип документа |
__ |
| t |
Тип документа |
m |
| 902 |
Роль лиц |
__ |
| a |
Создатель БЗ |
ОКиО/Шумских |
| 905 |
Дата создания БЗ |
__ |
| a |
Дата создания БЗ |
2013.04.05 |
| 990 |
Данные о заказе (DOS) |
__ |
| j |
Количество экземпляров (DOS) |
12 |
| h |
N записи в КСУ для Б/У (DOS) |
2013-3 |